Presidents of the Italian Senate (Post WWII) - Statistics

General Stats
  • This quiz has been taken 6 times
  • The average score is 5 of 23
Answer Stats
Years Served President of the Senate % Correct
1983 - 1985 Francesco Cossiga
60%
2022 - Present Ignazio La Russa
60%
1968 - 1973 Amintore Fanfani
40%
1976 - 1982 Amintore Fanfani
40%
1985 - 1987 Amintore Fanfani
40%
1951 - 1952 Enrico De Nicola
40%
1987 - 1994 Giovanni Spadolini
40%
2013 - 2018 Pietro Grasso
40%
2008 - 2013 Renato Schifani
40%
1953 - 1967 Cesare Merzagora
20%
2018 - 2022 Elisabetta Casellati
20%
2006 - 2008 Franco Marini
20%
2001 - 2006 Marcello Pera
20%
1994 - 1996 Carlo Scognamiglio
0%
1967 - 1968 Ennio Zelioli-Lanzini
0%
1987 Giovanni Malagodi
0%
1973 - 1976 Giovanni Spagnolli
0%
1952 - 1953 Giuseppe Paratore
0%
1948 - 1951 Ivanoe Bonomi
0%
1953 Meuccio Ruini
0%
1996 - 2001 Nicola Mancino
0%
1982 - 1983 Tommaso Morlino
0%
1983 Vittorino Colombo
0%
No matching quizzes found
Score Distribution
Percent of People with Each Score
Percentile by Number Answered
Your Score History
You have not taken this quiz